000 00368 a2200157 4500
001 57532
020 _a8516034917
040 _cAnchieta - Pituba
100 _aLeite, Maristela Petrili de Almeida
240 1 0 _aSonhos, grilos e paixões
_lpor
245 1 0 _aSonhos, grilos e paixões
300 _a63
362 0 _a2003
650 4 _aPoesia brasileira
942 _cBK
999 _c57532
_d57532